[Event "Novokuznetsk-ch"]
[Site "Novokuznetsk"]
[Date "2014.12.14"]
[Round "9"]
[White "Stepikov, Pavel"]
[Black "Parygin, Dmitriy"]
[Result "1/2-1/2"]
[WhiteElo "1695"]
[BlackElo "1840"]
[PlyCount "173"]
[EventDate "2014.11.16"]
[EventType "swiss"]
[EventRounds "9"]
[EventCountry "RUS"]
[SourceTitle "EXT 2016"]
[Source "ChessBase"]
[SourceDate "2015.10.08"]
[SourceVersion "1"]
[SourceVersionDate "2015.10.08"]
[SourceQuality "1"]

1. Nf3 Nf6 2. c4 d6 3. b3 g6 4. Bb2 Bg7 5. e3 0-0 6. Be2 Nbd7 7. 0-0 b6 8. d3 e5 9. e4 Nc5 10. Nc3 Ne6 11. Re1 Qd7 12. Bf1 h5 13. Rb1 Ng4 14. h3 Nh6 15. Nd5 c6 16. Nc3 f5 17. Bc1 f4 18. Nh2 Qe7 19. Ba3 Nf7 20. b4 Bb7 21. b5 c5 22. Bb2 Nfg5 23. f3 Nd4 24. Nd5 Qf7 25. Bxd4 exd4 26. a4 Bxd5 27. cxd5 Qc7 28. Qb3 Kh8 29. Be2 Nf7 30. Nf1 Rfb8 31. Nd2 Ne5 32. Nc4 Nxc4 33. dxc4 a5 34. Bd3 Re8 35. Qc2 Re5 36. Qf2 Qe7 37. Kf1 Bf6 38. Red1 Bh4 39. Qg1 Qg5 40. Ke2 Rae8 41. Kd2 Qf6 42. Kc2 Bg3 43. Rd2 Qh4 44. Rbd1 Kg7 45. Rf1 Qe7 46. Rfd1 Qf6 47. Rf1 Rg5 48. Rfd1 Ree5 49. Rf1 Qd8 50. Rfd1 Re8 51. Rf1 Rge5 52. Rfd1 Qd7 53. Rf1 g5 54. Rfd1 Rh8 55. Be2 Rh6 56. Rd3 Rg6 57. Qf1 Qe8 58. R1d2 g4 59. fxg4 hxg4 60. Bxg4 Rxe4 61. Bf5 Re1 62. Qf3 Rg5 63. Be6 Qg6 64. Re2 Rxe2+ 65. Qxe2 Bh4 66. Bg4 Re5 67. Qf1 Re3 68. Qd1 Be1 69. Bf3 Bc3 70. Bh5 Qf5 71. Qg4+ Kf6 72. Qxf5+ Kxf5 73. Rxe3 fxe3 74. Kd3 Kf4 75. Be2 Be1 76. Bf3 Bg3 77. Bg4 Bh4 78. Bh5 Kg3 79. Bf3 Kf2 80. Be2 Kxg2 81. Bg4 Bg3 82. Be2 Kxh3 83. Bh5 Kg2 84. Bd1 Be1 85. Bh5 Kf2 86. Bd1 Bc3 87. Bh5 1/2-1/2

[Event "Novokuznetsk Kustov op"]
[Site "Novokuznetsk"]
[Date "2014.10.04"]
[Round "2"]
[White "Parygin, Dmitriy"]
[Black "Gulyaeva, Nina"]
[Result "1-0"]
[WhiteElo "1851"]
[BlackElo "1438"]
[PlyCount "81"]
[EventDate "2014.09.28"]
[EventType "swiss"]
[EventRounds "9"]
[EventCountry "RUS"]
[SourceTitle "EXT 2018"]
[Source "ChessBase"]
[SourceDate "2017.10.13"]
[SourceVersion "1"]
[SourceVersionDate "2017.10.13"]
[SourceQuality "1"]

1. Nf3 d5 2. g3 c6 3. Bg2 Nf6 4. 0-0 e6 5. d3 Be7 6. c3 0-0 7. Nbd2 Nbd7 8. Re1 e5 9. Qc2 Qb6 10. Nf1 Ng4 11. e4 d4 12. h3 Ngf6 13. cxd4 exd4 14. Bd2 c5 15. N3h2 Ne5 16. f4 Ned7 17. e5 Ne8 18. Ng4 Qe6 19. Be4 f5 20. exf6 Ndxf6 21. Bxh7+ Kf7 22. Rxe6 Kxe6 23. Re1+ Kd6 24. Re5 Kd7 25. Bf5+ Kd8 26. Bxc8 Rxc8 27. Nxf6 gxf6 28. Rd5+ Bd6 29. Qb3 b6 30. a4 a5 31. Qxb6+ Kd7 32. Bxa5 Ke6 33. Qb3 Kd7 34. Nd2 Nc7 35. Bxc7 Rxc7 36. Ne4 Rc6 37. Qb5 Kc7 38. Nxd6 Rb8 39. Qa5+ Rcb6 40. Nc4 R8b7 41. Rxc5+ 1-0

[Event "Novokuznetsk-ch"]
[Site "Novokuznetsk"]
[Date "2013.11.23"]
[Round "2"]
[White "Spirin, Alexandr"]
[Black "Parygin, Dmitriy"]
[Result "1-0"]
[WhiteElo "1994"]
[BlackElo "1846"]
[PlyCount "105"]
[EventDate "2013.11.17"]
[EventType "swiss"]
[EventRounds "9"]
[EventCountry "RUS"]
[SourceTitle "EXT 2015"]
[Source "ChessBase"]
[SourceDate "2014.11.20"]
[SourceVersion "1"]
[SourceVersionDate "2014.11.20"]
[SourceQuality "1"]

1. Nf3 Nf6 2. b3 d6 3. d4 g6 4. Bb2 Bg7 5. Nbd2 0-0 6. e4 Nbd7 7. Bd3 c6 8. 0-0 Qc7 9. c4 Re8 10. Rc1 Nh5 11. Bb1 e5 12. Re1 exd4 13. Bxd4 Ne5 14. Nxe5 dxe5 15. Be3 Be6 16. Qe2 Rad8 17. c5 Qc8 18. Nc4 Bf8 19. Nxe5 Bg7 20. Nc4 Bxc4 21. Qxc4 Qc7 22. Rcd1 Be5 23. h3 Rd7 24. Bc2 Red8 25. Rxd7 Rxd7 26. Rd1 Qd8 27. Rxd7 Qxd7 28. Qd3 Qc7 29. b4 Nf4 30. Qd2 Ne6 31. Bb3 Nf4 32. Kf1 g5 33. g3 Nxh3 34. Bxg5 Nxg5 35. Qxg5+ Bg7 36. Qf5 Qe7 37. f4 b6 38. e5 Kh8 39. Bc2 Kg8 40. Qxh7+ Kf8 41. Qf5 Qe6 42. Qxe6 fxe6 43. Be4 bxc5 44. bxc5 Kf7 45. Bxc6 Bf8 46. Ke2 Bxc5 47. Kf3 a6 48. Ke4 Bf2 49. g4 Bh4 50. Ba4 Ke7 51. Bb3 a5 52. f5 exf5+ 53. gxf5 1-0

[Event "Novokuznetsk-ch"]
[Site "Novokuznetsk"]
[Date "2011.??.??"]
[Round "1"]
[White "Parygin, Dmitriy"]
[Black "Oschepkov, Dmitri"]
[Result "0-1"]
[WhiteElo "1922"]
[BlackElo "2087"]
[PlyCount "108"]
[EventDate "2011.11.19"]
[EventType "swiss"]
[EventRounds "9"]
[EventCountry "RUS"]
[SourceTitle "EXT 2013"]
[Source "ChessBase"]
[SourceDate "2012.11.22"]
[SourceVersion "1"]
[SourceVersionDate "2012.11.22"]
[SourceQuality "1"]

1. Nf3 e6 2. g3 c5 3. Bg2 Nc6 4. 0-0 Nf6 5. d3 d5 6. Nbd2 Be7 7. Re1 0-0 8. c3 e5 9. e4 dxe4 10. dxe4 Ne8 11. Qe2 Be6 12. Nc4 f6 13. h4 Qc8 14. Ne3 Nc7 15. Nh2 b5 16. Nef1 Rb8 17. a3 a5 18. Be3 a4 19. Red1 Na5 20. Nd2 Na8 21. f4 Nc4 22. Nxc4 Bxc4 23. Qh5 Bf7 24. Qg4 Nb6 25. f5 Bb3 26. Re1 Rd8 27. Rac1 Nc4 28. Qe2 Rb7 29. Bf3 Rbd7 30. Qf2 Kh8 31. Nf1 Qc6 32. g4 h6 33. g5 fxg5 34. hxg5 Nxe3 35. Nxe3 Bxg5 36. Ng4 Re8 37. Ne3 Rd3 38. Re2 Bf4 39. Rce1 Qf6 40. Qg2 Qg5 41. Qxg5 Bxg5 42. Bh5 Red8 43. Kg2 Bxe3 44. Rxe3 Rd2+ 45. R1e2 Bd1 46. Kf2 Bxe2 47. Rxe2 Kg8 48. Ke1 Rd1+ 49. Kf2 R8d2 50. Be8 Rxe2+ 51. Kxe2 Rb1 52. b4 axb3 53. Bxb5 b2 54. Bd3 Ra1 0-1

[Event "Novokuznetsk-ch op"]
[Site "Novokuznetsk"]
[Date "2010.12.11"]
[Round "9"]
[White "Parygin, Dmitriy"]
[Black "Golovkin, Viktor Ivanovich"]
[Result "1/2-1/2"]
[WhiteElo "1898"]
[BlackElo "2048"]
[PlyCount "20"]
[EventDate "2010.11.14"]
[EventType "swiss"]
[EventRounds "9"]
[EventCountry "RUS"]
[SourceTitle "EXT 2022"]
[Source "ChessBase"]
[SourceDate "2021.10.06"]
[SourceVersion "1"]
[SourceVersionDate "2021.10.06"]
[SourceQuality "1"]

1. e4 e5 2. Nf3 Nc6 3. Bb5 a6 4. Ba4 d6 5. 0-0 Nf6 6. c3 Be7 7. Re1 b5 8. Bb3 0-0 9. d3 Bg4 10. h3 Bh5 1/2-1/2

[Event "Novokuznetsk-ch op"]
[Site "Novokuznetsk"]
[Date "2010.12.04"]
[Round "6"]
[White "Golovina, Darya"]
[Black "Parygin, Dmitriy"]
[Result "1/2-1/2"]
[WhiteElo "1963"]
[BlackElo "1898"]
[PlyCount "144"]
[EventDate "2010.11.14"]
[EventType "swiss"]
[EventRounds "9"]
[EventCountry "RUS"]
[SourceTitle "EXT 2022"]
[Source "ChessBase"]
[SourceDate "2021.10.06"]
[SourceVersion "1"]
[SourceVersionDate "2021.10.06"]
[SourceQuality "1"]

1. e4 c5 2. Nc3 d6 3. Nge2 Nc6 4. g3 Nf6 5. Bg2 e6 6. d3 Be7 7. Be3 Ng4 8. Qd2 Nxe3 9. Qxe3 Qa5 10. 0-0 0-0 11. Kh1 Bd7 12. f4 Bf6 13. g4 Bd4 14. Qh3 f5 15. g5 Ne7 16. Nd1 g6 17. c3 Bg7 18. Ne3 Qc7 19. Qh4 Bc6 20. Rad1 Rad8 21. exf5 exf5 22. d4 Bxg2+ 23. Kxg2 d5 24. dxc5 Qxc5 25. Nd4 Rd6 26. Rfe1 Rfd8 27. Ng4 Kf7 28. Nh6+ Kf8 29. Ne6+ Rxe6 30. Rxe6 d4 31. Rde1 dxc3 32. bxc3 Rd2+ 33. R6e2 Qxc3 34. Qf2 Qc6+ 35. Kh3 Qc3+ 36. Kh4 Rxe2 37. Qxe2 Qc7 38. Qe3 Bc3 39. Rc1 Nd5 40. Rxc3 Nxc3 41. Qd4 Ke8 42. Qh8+ Kd7 43. Qxh7+ Kc8 44. Qh8+ Kd7 45. Qd4+ Kc8 46. Nxf5 Nd5 47. Qh8+ Qd8 48. Nd6+ Kc7 49. Qxd8+ Kxd8 50. Kg4 Kc7 51. Ne4 Ne3+ 52. Kf3 Nf5 53. Ng3 Nd6 54. h4 Kd7 55. h5 gxh5 56. Nxh5 Ke6 57. Nf6 Kf5 58. Ng4 Nf7 59. Nh6+ Nxh6 60. gxh6 Kg6 61. f5+ Kxh6 62. Ke4 Kg7 63. Ke5 Kf7 64. Kd6 Kf6 65. Kc7 b5 66. Kc6 b4 67. Kc5 Kxf5 68. Kxb4 Ke6 69. Kb5 Kd6 70. Ka6 Kc6 71. a3 Kc7 72. Kxa7 Kc8 1/2-1/2

[Event "Novokuznetsk-ch op"]
[Site "Novokuznetsk"]
[Date "2010.11.21"]
[Round "3"]
[White "Parygin, Dmitriy"]
[Black "Buts, Nikita"]
[Result "1-0"]
[WhiteElo "1898"]
[BlackElo "2019"]
[PlyCount "57"]
[EventDate "2010.11.14"]
[EventType "swiss"]
[EventRounds "9"]
[EventCountry "RUS"]
[SourceTitle "EXT 2022"]
[Source "ChessBase"]
[SourceDate "2021.10.06"]
[SourceVersion "1"]
[SourceVersionDate "2021.10.06"]
[SourceQuality "1"]

1. e4 d5 2. Nf3 dxe4 3. Ng5 Nf6 4. Bc4 e6 5. Nc3 Qd4 6. Qe2 h6 7. Ngxe4 Nxe4 8. Nxe4 Be7 9. c3 Qd8 10. d4 Nd7 11. Bf4 Nf6 12. 0-0 0-0 13. Rad1 Bd6 14. Nxd6 cxd6 15. Rfe1 Qb6 16. Bb3 Bd7 17. Bc2 Rac8 18. Bb1 Ba4 19. b3 Bd7 20. Qd3 Rfe8 21. c4 d5 22. Be5 Qd8 23. c5 Bc6 24. Re3 Kf8 25. Rg3 b6 26. b4 bxc5 27. bxc5 Qa5 28. Rxg7 Ke7 29. Qg6 1-0

[Event "Novokuznetsk-ch op"]
[Site "Novokuznetsk"]
[Date "2010.11.20"]
[Round "2"]
[White "Nuzhdov, Vasiliy"]
[Black "Parygin, Dmitriy"]
[Result "1-0"]
[WhiteElo "2048"]
[BlackElo "1898"]
[PlyCount "61"]
[EventDate "2010.11.14"]
[EventType "swiss"]
[EventRounds "9"]
[EventCountry "RUS"]
[SourceTitle "EXT 2022"]
[Source "ChessBase"]
[SourceDate "2021.10.06"]
[SourceVersion "1"]
[SourceVersionDate "2021.10.06"]
[SourceQuality "1"]

1. e4 c6 2. Nf3 d6 3. d4 Nd7 4. c4 e5 5. dxe5 Nxe5 6. Nc3 Bg4 7. Be2 Nxf3+ 8. Bxf3 Bxf3 9. Qxf3 Qf6 10. Qd3 g6 11. 0-0 Bg7 12. Be3 Ne7 13. Rad1 0-0 14. Qxd6 Qxd6 15. Rxd6 Bxc3 16. bxc3 Rfd8 17. Rfd1 Rxd6 18. Rxd6 Kf8 19. Rd7 b6 20. Bg5 Ng8 21. Rc7 c5 22. Kf1 Ke8 23. a4 f6 24. Bf4 g5 25. Bg3 Rd8 26. Ke2 h5 27. Rxa7 Rd7 28. Bc7 Ke7 29. Bxb6 Rxa7 30. Bxc5+ Kd7 31. Bxa7 1-0

[Event "Novokuznetsk-ch op"]
[Site "Novokuznetsk"]
[Date "2009.11.29"]
[Round "5"]
[White "Peshkov, Nikita"]
[Black "Parygin, Dmitriy"]
[Result "1-0"]
[WhiteElo "1994"]
[BlackElo "1923"]
[PlyCount "55"]
[EventDate "2009.11.21"]
[EventType "swiss"]
[EventRounds "9"]
[EventCountry "RUS"]
[SourceTitle "EXT 2011"]
[Source "ChessBase"]
[SourceDate "2010.11.26"]
[SourceVersion "1"]
[SourceVersionDate "2010.11.26"]
[SourceQuality "1"]

1. e4 e5 2. Nf3 Nc6 3. Bb5 Nf6 4. Qe2 d6 5. c3 Be7 6. d3 Bd7 7. Nbd2 0-0 8. Nf1 a6 9. Ba4 b5 10. Bc2 Qc8 11. h3 Nd8 12. g4 Ne6 13. Ng3 Re8 14. g5 Nf4 15. Bxf4 exf4 16. gxf6 Bxf6 17. Nh5 Be7 18. Nxf4 c6 19. 0-0-0 d5 20. e5 b4 21. c4 Bf5 22. Rhg1 dxc4 23. dxc4 Bxc2 24. Qxc2 Bf8 25. Nh5 Kh8 26. Ng5 g6 27. Nxf7+ Kg8 28. Rxg6+ 1-0

[Event "Novokuznetsk-ch op"]
[Site "Novokuznetsk"]
[Date "2009.11.25"]
[Round "3"]
[White "Parygin, Dmitriy"]
[Black "Alimov, Alexander"]
[Result "0-1"]
[WhiteElo "1923"]
[BlackElo "2024"]
[PlyCount "110"]
[EventDate "2009.11.21"]
[EventType "swiss"]
[EventRounds "9"]
[EventCountry "RUS"]
[SourceTitle "EXT 2011"]
[Source "ChessBase"]
[SourceDate "2010.11.26"]
[SourceVersion "1"]
[SourceVersionDate "2010.11.26"]
[SourceQuality "1"]

1. Nf3 Nf6 2. g3 g6 3. Bg2 c5 4. d3 Nc6 5. 0-0 Bg7 6. Nbd2 0-0 7. c3 e5 8. Re1 d6 9. Qc2 Bd7 10. e4 Qc7 11. Nf1 b5 12. Ne3 Rab8 13. Bd2 Ne7 14. h3 Bc6 15. Ng4 Kh8 16. Nxf6 Bxf6 17. Nh2 Ng8 18. Rad1 Bg7 19. f4 f6 20. Nf3 Qb7 21. fxe5 fxe5 22. Rf1 Nf6 23. Kh2 Nxe4 24. Nxe5 Bxe5 25. dxe4 Qe7 26. Bf4 Rbe8 27. Bxe5+ Qxe5 28. Rxf8+ Rxf8 29. Rd2 Re8 30. Qd3 Re6 31. Qf3 Kg7 32. Rf2 Re8 33. Qd3 Rf8 34. Rd2 Rf6 35. Kg1 a6 36. Rf2 Rxf2 37. Kxf2 a5 38. h4 b4 39. Qc2 bxc3 40. Qxc3 Qxc3 41. bxc3 Kf7 42. Ke3 Ke6 43. Kf4 h6 44. Bh3+ Kf6 45. Bc8 g5+ 46. hxg5+ hxg5+ 47. Ke3 Ke5 48. Bf5 Ba4 49. g4 Bb5 50. Kd2 Bc4 51. a3 Kf4 52. Kc2 Be2 53. Kd2 Bxg4 54. Bg6 Bf3 55. Kd3 g4 0-1

[Event "Novokuznetsk op"]
[Site "Novokuznetsk"]
[Date "2008.12.13"]
[Round "8"]
[White "Parygin, Dmitriy"]
[Black "Morokov, Anatoliy"]
[Result "0-1"]
[WhiteElo "1943"]
[BlackElo "1780"]
[PlyCount "110"]
[EventDate "2008.11.22"]
[EventType "swiss"]
[EventRounds "9"]
[EventCountry "RUS"]
[SourceTitle "CBM 127 Extra"]
[Source "ChessBase"]
[SourceDate "2009.01.08"]
[SourceVersion "2"]
[SourceVersionDate "2009.01.28"]
[SourceQuality "1"]

1. e4 e6 2. d4 d5 3. e5 c5 4. c3 Bd7 5. Nf3 Nc6 6. dxc5 Bxc5 7. Bd3 Nge7 8. Qc2 Ng6 9. b4 Bb6 10. b5 Nce7 11. h4 0-0 12. Bg5 Qc7 13. h5 Ba5 14. 0-0 f6 15. exf6 gxf6 16. Bh6 Nf4 17. Qd2 Nxd3 18. Qxd3 Rf7 19. a4 e5 20. Nh4 e4 21. Qg3+ Qxg3 22. fxg3 Bg4 23. Be3 Bxh5 24. Bd4 Raf8 25. Bc5 Re8 26. Na3 Bxc3 27. Ra2 b6 28. Bxe7 Rfxe7 29. Nf5 e3 30. Nxe7+ Rxe7 31. Nc2 e2 32. Re1 Bg6 33. Kf2 Bxe1+ 34. Nxe1 Re4 35. Rd2 Rxa4 36. Rxd5 Ra2 37. g4 Bf7 38. Rd6 Kg7 39. Rd4 Rb2 40. Rd7 Ra2 41. Nf3 Kg8 42. g5 f5 43. Rd8+ Kg7 44. Rd7 Kf8 45. Rc7 Ke8 46. Rc1 Rb2 47. Ra1 Ba2 48. Re1 Bc4 49. Nd4 Bxb5 50. Nxf5 Bd3 51. g4 a5 52. Rc1 a4 53. Ke1 a3 54. Ra1 a2 55. Kf2 e1Q+ 0-1

[Event "Abaza op"]
[Site "Abaza"]
[Date "2008.07.20"]
[Round "2"]
[White "Priadun, Rudolf"]
[Black "Parygin, Dmitriy"]
[Result "1-0"]
[WhiteElo "2101"]
[BlackElo "1943"]
[PlyCount "101"]
[EventDate "2008.07.20"]
[EventType "swiss"]
[EventRounds "9"]
[EventCountry "RUS"]
[SourceTitle "EXT 2022"]
[Source "ChessBase"]
[SourceDate "2021.10.06"]
[SourceVersion "1"]
[SourceVersionDate "2021.10.06"]
[SourceQuality "1"]

1. d4 Nf6 2. c4 d6 3. Nc3 Nbd7 4. Nf3 c6 5. e3 g6 6. Be2 Bg7 7. b3 a6 8. 0-0 Qc7 9. Bb2 0-0 10. Rc1 e5 11. Bd3 exd4 12. exd4 Re8 13. Rc2 Nf8 14. Re2 Bg4 15. Rxe8 Rxe8 16. h3 Bd7 17. Re1 Nh5 18. Bc1 Ne6 19. Be3 Nef4 20. Bf1 f5 21. Qc1 Ne6 22. d5 Nc5 23. b4 Ne4 24. Nxe4 fxe4 25. Nd4 Qc8 26. g4 Nf6 27. dxc6 bxc6 28. Qa3 d5 29. c5 Rf8 30. Qxa6 Qc7 31. Ne2 Nxg4 32. hxg4 Bxg4 33. Nd4 Bxd4 34. Bxd4 Bf3 35. Bh3 h6 36. Qb6 Qe7 37. Qxc6 Qg5+ 38. Kf1 Bg4 39. Re3 h5 40. Rg3 Bxh3+ 41. Rxh3 h4 42. Rxh4 Rxf2+ 43. Bxf2 e3 44. Qe8+ Kg7 45. Rh8 e2+ 46. Kxe2 Qg4+ 47. Kd3 Qc4+ 48. Ke3 Qc1+ 49. Kf3 Qc3+ 50. Be3 Qf6+ 51. Bf4 1-0

[Event "Novokuznetsk-ch op"]
[Site "Novokuznetsk"]
[Date "2007.11.24"]
[Round "5"]
[White "Nuzhdov, Vasiliy"]
[Black "Parygin, Dmitriy"]
[Result "1-0"]
[WhiteElo "2080"]
[BlackElo "1964"]
[PlyCount "177"]
[EventDate "2007.11.24"]
[EventType "swiss"]
[EventRounds "9"]
[EventCountry "RUS"]
[SourceTitle "EXT 2022"]
[Source "ChessBase"]
[SourceDate "2021.10.06"]
[SourceVersion "1"]
[SourceVersionDate "2021.10.06"]
[SourceQuality "1"]

1. Nf3 Nf6 2. d4 e6 3. c4 Be7 4. Nc3 d5 5. Bg5 c6 6. e3 Nbd7 7. Bd3 dxc4 8. Bxc4 Nd5 9. Bxe7 Nxe7 10. 0-0 Ng6 11. Ne4 0-0 12. Bb3 Nf6 13. Ng3 Qa5 14. Bc2 Rd8 15. Qe2 Bd7 16. Bxg6 hxg6 17. Rfc1 Qb5 18. Qc2 Be8 19. a4 Qb4 20. a5 Rac8 21. Ne5 Nd7 22. Nd3 Qe7 23. b4 e5 24. Nc5 Nxc5 25. dxc5 f5 26. h3 Bf7 27. Rd1 Rxd1+ 28. Rxd1 Rd8 29. e4 f4 30. Nf1 g5 31. Nh2 Bg6 32. f3 Bh5 33. Rd3 Kf8 34. Nf1 Ke8 35. Nd2 Bf7 36. Qc3 Rxd3 37. Qxd3 Qd7 38. Qxd7+ Kxd7 39. Kf2 Kc7 40. Ke2 Be6 41. Kd3 b5 42. axb6+ axb6 43. cxb6+ Kxb6 44. Nc4+ Kb5 45. Nxe5 Kxb4 46. Nxc6+ Kc5 47. Nd4 Bc8 48. Nb3+ Kb4 49. Nd2 Kc5 50. Kc3 Ba6 51. Nb3+ Kd6 52. Nd2 Kc5 53. Kc2 Kd4 54. Kd1 Bb5 55. Ke1 Ba6 56. Kf2 Bc8 57. Nb3+ Kc4 58. Nc1 Kd4 59. Ne2+ Ke5 60. Ng1 Bd7 61. g3 Be6 62. h4 fxg3+ 63. Kxg3 gxh4+ 64. Kf2 g5 65. Ke3 Kf6 66. Ne2 Bc4 67. Kf2 Ke5 68. Ng1 Be6 69. Ne2 Bc4 70. Ng1 Be6 71. Ke3 h3 72. Ne2 Bc4 73. Ng3 Be6 74. Kf2 Bd7 75. Nh5 Be8 76. Ng3 Bd7 77. Nf1 g4 78. Nh2 gxf3 79. Kxf3 Be6 80. Ke3 Bc4 81. Nf3+ Kf6 82. Kf4 Bf7 83. e5+ Ke7 84. Kg3 Ke6 85. Kf4 Ke7 86. Nh2 Ke6 87. Nf3 Bh5 88. Ng5+ Ke7 89. Nxh3 1-0